Samuel L. Jackson Movies - Statistics

General Stats
  • This quiz has been taken 1,480 times
  • The average score is 13 of 94
Answer Stats
Hint Answer % Correct
1994 Pulp Fiction
87%
2012 The Avengers
73%
2006 Snakes on a plane
64%
2008 Iron Man
56%
2012 Django Unchained
54%
2011 Captain America
50%
1997 Jackie Brown
49%
2010 Iron Man 2
48%
2005 Star Wars: Episode III - Revenge of the Sith
48%
1999 Star Wars: Episode I - The Phantom Menace
42%
2002 Star Wars: Episode II - Attack of the Clones
37%
2011 Thor
36%
1995 Die Hard: With a Vengeance
34%
1993 Jurassic Park
34%
2000 Unbreakable
33%
2000 Shaft
32%
2004 The Incredibles
32%
1999 Deep Blue Sea
31%
2006 Black Snake Moan
23%
2005 Coach Carter
23%
1990 Goodfellas
23%
1988 Coming to America
19%
1996 A Time to Kill
18%
1998 The Negotiator
18%
1996 The Long Kiss Goodnight
15%
2004 Kill Bill: Vol. 2
14%
2010 The Other Guys
14%
2002 xXx
13%
1989 Do the Right Thing
12%
1991 Jungle Fever
12%
2008 Lakeview Terrace
12%
2003 SWAT
12%
2008 Jumper
11%
2002 Changing Lanes
10%
1993 True Romance
9%
2009 Inglourious Basterds
8%
2000 Rules of Engagement
8%
2008 The Spirit
8%
2005 xXx: State of the Union
8%
1992 Patriot Games
7%
2008 Star Wars: The Clone Wars
7%
2005 The Man
7%
2007 1408
6%
2003 Basic
6%
1992 Juice
6%
2007 Cleaner
5%
1997 One Eight Seven
5%
2008 Soul Men
5%
2010 Unthinkable
5%
2001 Formula 51
4%
2006 Freedom Land
4%
1993 Menace to Society
4%
1990 Mo' Better Blues
4%
1998 Sphere
4%
1997 Eve's Bayou
3%
1993 Loaded Weapon 1
3%
1988 School Daze
3%
1993 Amos & Andrew
2%
2009 Astro Boy
2%
2006 Farce of the Penguins
2%
1994 Fresh
2%
1996 Hard Eight
2%
2006 Home of the Brave
2%
1995 Kiss of Death
2%
2012 Meeting Evil
2%
2007 Resurrecting the Champ
2%
1996 The Great White Hype
2%
2004 Twisted
2%
1990 Betsy's Wedding
1%
1990 Def by Temptation
1%
1995 Fluke
1%
2008 Gospel Hill
1%
1994 Hail Caesar
1%
2004 In My Country
1%
1991 Johnny Suede
1%
1992 Jumpin' at the Boneyard
1%
1995 Losing Isaiah
1%
2009 Mother and Child
1%
2002 No Good Deed
1%
1998 Out of Sight
1%
1981 Ragtime
1%
1989 Sea of Love
1%
1991 Strictly Business
1%
2001 The Cavemans Valentine
1%
1990 The Exorcist 3
1%
1994 The New Age
1%
1990 The Return of Superfly
1%
1972 Together for Days
1%
1996 Trees Lounge
1%
1992 White Sands
1%
2012 Zambezia
1%
1992 Fathers & Sons
0%
1987 Magic Sticks
0%
1994 The Search for One-eye Jimmy
0%
No matching quizzes found
Score Distribution
Percent of People with Each Score
Percentile by Number Answered
Your Score History
You have not taken this quiz